Revista 360 : (Registro nro. 30554)
[ vista simple ]
| 000 -LEADER | |
|---|---|
| fixed length control field | 01240nam a22003137a 4500 |
| 003 - CONTROL NUMBER IDENTIFIER | |
| control field | OSt |
| 005 - DATE AND TIME OF LATEST TRANSACTION | |
| control field | 20240209183518.0 |
| 008 - FIXED-LENGTH DATA ELEMENTS--GENERAL INFORMATION | |
| fixed length control field | 240209b |||||||| |||| 00| 0 eng d |
| 022 ## - INTERNATIONAL STANDARD SERIAL NUMBER | |
| International Standard Serial Number | 2539-357X |
| 037 ## - SOURCE OF ACQUISITION | |
| Source of stock number/acquisition | Donación |
| 040 ## - CATALOGING SOURCE | |
| Original cataloging agency | CO-JMCR |
| Transcribing agency | CO-JMCR |
| Modifying agency | CO-JMCR |
| Description conventions | rda |
| Language of cataloging | spa |
| 041 ## - LANGUAGE CODE | |
| Language code of text/sound track or separate title | spa |
| 082 ## - DEWEY DECIMAL CLASSIFICATION NUMBER | |
| Edition number | 23 |
| Classification number | 070.44 |
| Item number | V43 |
| 100 ## - MAIN ENTRY--PERSONAL NAME | |
| Personal name | Velez Tirado, Miguel |
| Relator term | editor |
| 9 (RLIN) | 43349 |
| 130 ## - MAIN ENTRY--UNIFORM TITLE | |
| Uniform title | Revista 360 |
| 9 (RLIN) | 43342 |
| 245 ## - TITLE STATEMENT | |
| Title | Revista 360 : |
| Remainder of title | 2022 Tiempo para recuperar y volver a confiar, año decisivo para Colombia / |
| Statement of responsibility, etc. | editada por Miguel Velez Tirado |
| 250 ## - EDITION STATEMENT | |
| Edition statement | No. 6 |
| 260 ## - PUBLICATION, DISTRIBUTION, ETC. | |
| Place of publication, distribution, etc. | Medellín : |
| Name of publisher, distributor, etc. | Gaviria Cano, |
| Date of publication, distribution, etc. | 2021 |
| 300 ## - PHYSICAL DESCRIPTION | |
| Extent | 198 páginas: |
| Other physical details | ilustraciones a color; |
| Dimensions | 27 cm. |
| 310 ## - CURRENT PUBLICATION FREQUENCY | |
| Current publication frequency | Anual |
| 490 ## - SERIES STATEMENT | |
| Series statement | 360 |
| 500 ## - GENERAL NOTE | |
| General note | Publicación doble cara |
| 505 ## - FORMATTED CONTENTS NOTE | |
| Formatted contents note | FGA lo que hace es darle confianza a los colombianos -- Un liderazgo que priorice el bienestar -- El turismo oportunidad clave para el país -- La agenda de política publica que el sector TIC necesita (...) |
| 650 ## - SUBJECT ADDED ENTRY--TOPICAL TERM | |
| Source of heading or term | JMCR |
| Topical term or geographic name entry element | Reactivación económica |
| Geographic subdivision | Pandemia |
| 9 (RLIN) | 43343 |
| 650 ## - SUBJECT ADDED ENTRY--TOPICAL TERM | |
| Source of heading or term | JMCR |
| Topical term or geographic name entry element | Retos y desafíos de la industria |
| Form subdivision | Revista |
| 9 (RLIN) | 43344 |
| 650 ## - SUBJECT ADDED ENTRY--TOPICAL TERM | |
| Source of heading or term | JMCR |
| Topical term or geographic name entry element | Transformación digital |
| Geographic subdivision | Pandemia |
| 9 (RLIN) | 43345 |
| 700 ## - ADDED ENTRY--PERSONAL NAME | |
| 9 (RLIN) | 43346 |
| 942 ## - ADDED ENTRY ELEMENTS (KOHA) | |
| Source of classification or shelving scheme | Dewey Decimal Classification |
| Koha item type | Continuing Resources |
| Withdrawn status | Lost status | Source of classification or shelving scheme | Damaged status | Not for loan | Collection code | Home library | Current library | Date acquired | Source of acquisition | Total Checkouts | Full call number | Barcode | Date last seen | Date last checked out | Copy number | Price effective from | Koha item type | Public note |
|---|---|---|---|---|---|---|---|---|---|---|---|---|---|---|---|---|---|---|
| Dewey Decimal Classification | Non-fiction | Biblioteca Pública José María del Castillo y Rada | Biblioteca Pública José María del Castillo y Rada | 01/31/2024 | Donación | 2 | 070.44 V43 | 201812248 | 04/22/2026 | 04/22/2026 | Ej. 1 | 02/09/2024 | Continuing Resources | Hemeroteca |